00517cam a22002171 4500001001300000003000400013005001700017008004100034010001700075035002000092040001800112042001200130050002000142100003400162245002100196260001100217300001900228500001600247500001900263999001700282sa 68007470 DLC20260227112522.0890227s1967 xx 000 0 ben  asa 68007470  a(OCoLC)23566012 aDLCcMiUdDLC apremarc00aPK1718.B39bP281 aBasu, Samareśa,d1924-1988.10aPāpa, puṇya. c[1967] a121 p.c23 cm. aIn Bengali. aShort stories. c81827d81827